000 00904nam a2200277Ia 4500
003 OSt
005 20221005092803.0
006 a|||||r|||| 00| 0
007 ta
008 221004b |||||||| |||| 00| 0 eng d
020 _a9789401799621 (hbk)
_cEURO 103.99
024 _a29440
037 _b7868, 14/03/2017, Ahuja Book Company Pvt. Ltd.
_cTextual
040 _aCRL
_cCRL
_beng
041 _2eng
_aeng
082 _aS8:44, Q5
100 _aMartinovsky Bilyana Ed.
_9617768
245 0 _aEmotion in group decision and negotiation
260 _aNew York
_bSpringer USA
_c2015
300 _axi,218p.
_ccm.
490 _aAdvances in group decision and negotiation; Vol. 7
650 _a EMOTIONS
_933181
650 _aGROUP IDENTITY
_9601507
942 _hS8:44, Q5
_cTEXL
_2cc
999 _c999359
_d999359